| 000 | 00613nam a2200181 a 4500 | ||
|---|---|---|---|
| 001 | 000040809 | ||
| 005 | 20201002034409.0 | ||
| 008 | 130906s20uu sp 000 0 spa d | ||
| 020 | _a9788469528044 | ||
| 040 |
_aDO-SdBNP _bspa _cBNPHU |
||
| 100 | 1 |
_aBonilla Fenández, Eva María _967232 |
|
| 245 | 1 | 4 |
_aLos peligros de la obesidad / _cEva María Bonilla Fernández, Carmen Aguilar Cobo, Ana María López Jiménez. |
| 260 |
_a[Madrid] : _bs.n., _c200?]. |
||
| 300 |
_a56 p. ; _c22 cm. |
||
| 504 | _aBibliografía : p. 56 | ||
| 700 | 1 |
_aAguilar Cobo, Carmen _967056 |
|
| 700 | 1 |
_aLópez Jiménez, Ana María _967055 |
|
| 999 |
_c40299 _d40299 |
||